000 00535nam a2200181Ia 4500
003 GCL
008 140319s9999 xx 000 0 ara d
020 _a2147215977
040 _aGCL /
_cGCL
082 0 4 _a239
_bع م
100 1 _aعبدالرحمن الشرقاوى
245 1 0 _aمحمد رسول الحرية :
_bانما انا بشر مثلكم /
_cعبدالرحمن الشرقاوى
300 _a362 ص ؛
_c24 سم
490 _a
650 0 4 _aالاسلام
650 0 4 _aالسيرة النبوية
942 _2ddc
_cBK
999 _c39134
_d39134